[Event "Naantali op"]
[Site "Naantali"]
[Date "2015.07.01"]
[Round "4"]
[White "Karlsson, Reijo"]
[Black "Ruotanen, Helge"]
[Result "1/2-1/2"]
[WhiteElo "1688"]
[BlackElo "1924"]
[PlyCount "123"]
[EventDate "2015.06.29"]
[EventType "swiss"]
[EventRounds "9"]
[EventCountry "FIN"]
[SourceTitle "EXT 2016"]
[Source "ChessBase"]
[SourceDate "2015.10.08"]
[SourceVersion "1"]
[SourceVersionDate "2015.10.08"]
[SourceQuality "1"]

1. e4 g6 2. d4 Bg7 3. Bc4 d6 4. Nf3 Nf6 5. Nc3 0-0 6. 0-0 e6 7. h3 d5 8. exd5 exd5 9. Bd3 b6 10. Be3 Nbd7 11. Bb5 Bb7 12. Bg5 c6 13. Bd3 c5 14. dxc5 bxc5 15. Bb5 d4 16. Nb1 Qb6 17. c4 a6 18. Bxd7 Nxd7 19. Nbd2 Rae8 20. Rb1 a5 21. Re1 Qc6 22. Bf4 h6 23. Rxe8 Rxe8 24. Qf1 g5 25. Bh2 f5 26. Re1 Re6 27. Rxe6 Qxe6 28. Qe1 Kf7 29. Qxe6+ Kxe6 30. Bc7 a4 31. b3 Bc6 32. Kf1 Bf6 33. Ne1 h5 34. Ke2 f4 35. f3 Be5 36. Bd8 Kf5 37. Nd3 Bd6 38. bxa4 Bxa4 39. Ne4 Bf8 40. Bxg5 Bc2 41. Bd8 Bxd3+ 42. Kxd3 Ne5+ 43. Ke2 Nxc4 44. a4 Ne5 45. a5 c4 46. a6 d3+ 47. Kd2 Bb4+ 48. Nc3 Bc5 49. Ne4 Be3+ 50. Kd1 Ke6 51. Ba5 Nc6 52. Bc3 Nb8 53. g4 hxg4 54. hxg4 Nxa6 55. g5 Kf5 56. Nd6+ Kxg5 57. Nxc4 Kh4 58. Ne5 Nc5 59. Bb4 Kg3 60. Bxc5 Bxc5 61. Nxd3 Kxf3 62. Nxf4 1/2-1/2

[Event "FIN-ch op"]
[Site "Naantali"]
[Date "2013.07.03"]
[Round "4"]
[White "Karlsson, Reijo"]
[Black "Smeds, Tom"]
[Result "1/2-1/2"]
[WhiteElo "1586"]
[BlackElo "1866"]
[PlyCount "43"]
[EventDate "2013.07.01"]
[EventType "swiss"]
[EventRounds "9"]
[EventCountry "FIN"]
[SourceTitle "EXT 2014"]
[Source "ChessBase"]
[SourceDate "2013.11.20"]
[SourceVersion "1"]
[SourceVersionDate "2013.11.20"]
[SourceQuality "1"]

1. e4 d5 2. exd5 Qxd5 3. Nc3 Qd6 4. d4 Nf6 5. Nf3 g6 6. Bc4 Bg7 7. h3 a6 8. Be3 0-0 9. 0-0 b5 10. Bd3 Bb7 11. a3 Nbd7 12. Re1 c5 13. dxc5 Nxc5 14. Bxc5 Qxc5 15. Rb1 Rfd8 16. Qe2 e6 17. Ne4 Nxe4 18. Bxe4 Bxe4 19. Qxe4 Qd5 20. c3 Qxe4 21. Rxe4 Rac8 22. Rbe1 1/2-1/2